Reliability-Based Optimization of Floating Wind Turbine Support Structures

מידע ביבליוגרפי
מחבר ראשי: Leimeister, Mareike (Author)
מחבר תאגידי: SpringerLink (Online service)
סיכום:XXXV, 308 p. 99 illus., 90 illus. in color.
text
שפה:אנגלית
יצא לאור: Cham : Springer International Publishing : Imprint: Springer, 2022.
מהדורה:1st ed. 2022.
סדרה:Springer Theses, Recognizing Outstanding Ph.D. Research,
נושאים:
גישה מקוונת:https://doi.org/10.1007/978-3-030-96889-2
פורמט: MixedMaterials אלקטרוני ספר

MARC

LEADER 00000nam a22000005i 4500
001 978-3-030-96889-2
003 DE-He213
005 20230101130040.0
007 cr nn 008mamaa
008 230101s2022 sz | s |||| 0|eng d
020 |a 9783030968892  |9 978-3-030-96889-2 
024 7 |a 10.1007/978-3-030-96889-2  |2 doi 
050 4 |a TJ820-828 
072 7 |a THX  |2 bicssc 
072 7 |a TEC031010  |2 bisacsh 
072 7 |a THVW  |2 thema 
082 0 4 |a 621.312136  |2 23 
100 1 |a Leimeister, Mareike.  |e author.  |4 aut  |4 http://id.loc.gov/vocabulary/relators/aut 
245 1 0 |a Reliability-Based Optimization of Floating Wind Turbine Support Structures  |h [electronic resource] /  |c by Mareike Leimeister. 
250 |a 1st ed. 2022. 
264 1 |a Cham :  |b Springer International Publishing :  |b Imprint: Springer,  |c 2022. 
300 |a XXXV, 308 p. 99 illus., 90 illus. in color.  |b online resource. 
336 |a text  |b txt  |2 rdacontent 
337 |a computer  |b c  |2 rdamedia 
338 |a online resource  |b cr  |2 rdacarrier 
347 |a text file  |b PDF  |2 rda 
490 1 |a Springer Theses, Recognizing Outstanding Ph.D. Research,  |x 2190-5061 
505 0 |a Introduction -- Review of Reliability-Based Risk Analysis Methods Used in the Offshore Wind Industry -- Floating Offshore Wind Turbine Systems -- Modeling, Automated Simulation, and Optimization -- Design Optimization of FloatingWind Turbine Support Structures -- Reliability-Based Design Optimization of a Spar-Type FloatingWind Turbine Support Structure -- Discussion -- Conclusions. 
520 |a This book pursues the ambitious goal of combining floating wind turbine design optimization and reliability assessment, which has in fact not been done before. The topic is organized into a series of very ambitious objectives, which start with an initial state-of-the-art review, followed by the development of high-fidelity frameworks for a disruptive way to design next generation floating offshore wind turbine (FOWT) support structures. The development of a verified aero-hydro-servo-elastic coupled numerical model of dynamics for FOWTs and a holistic framework for automated simulation and optimization of FOWT systems, which is later used for the coupling of design optimization with reliability assessment of FOWT systems in a computationally and time-efficient manner, has been an aim of many groups internationally towards implementing a performance-based/goal-setting approach in the design of complex engineering systems. The outcomes of this work quantify the benefits of an optimal design with a lower mass while fulfilling design constraints. Illustrating that comprehensive design methods can be combined with reliability analysis and optimization algorithms towards an integrated reliability-based design optimization (RBDO) can benefit not only the offshore wind energy industry but also other applications such as, among others, civil infrastructure, aerospace, and automotive engineering. 
650 0 |a Wind power. 
650 0 |a Mathematical optimization. 
650 0 |a Mechanics, Applied. 
650 1 4 |a Wind Energy. 
650 2 4 |a Optimization. 
650 2 4 |a Engineering Mechanics. 
710 2 |a SpringerLink (Online service) 
773 0 |t Springer Nature eBook 
776 0 8 |i Printed edition:  |z 9783030968885 
776 0 8 |i Printed edition:  |z 9783030968908 
776 0 8 |i Printed edition:  |z 9783030968915 
830 0 |a Springer Theses, Recognizing Outstanding Ph.D. Research,  |x 2190-5061 
856 4 0 |u https://doi.org/10.1007/978-3-030-96889-2 
912 |a ZDB-2-ENE 
912 |a ZDB-2-SXEN 
950 |a Energy (SpringerNature-40367) 
950 |a Energy (R0) (SpringerNature-43717)